|
|
|
|
| LEADER |
00741nab a2200205 i 4500 |
| 001 |
misc73461 |
| 005 |
20241129085532.0 |
| 008 |
241129s1955 hu o 000 eng d |
| 040 |
|
|
|a SZTE Miscellanea Repozitórium
|b hun
|
| 041 |
|
|
|a eng
|
| 100 |
1 |
|
|a McLaughlin Jane A.
|
| 245 |
1 |
0 |
|a Inosine phosphates in muscle
|h [elektronikus dokumentum] /
|c McLaughlin Jane A.
|
| 260 |
|
|
|a Elsevier
|b Amsterdam, London, Houston, New York
|c 1955
|
| 300 |
|
|
|a 160
|
| 490 |
0 |
|
|a Biochimica et Biophysica Acta
|v 17
|
| 561 |
|
|
|a Szent-Györgyi Albert tudományos és egyéb írásai
|
| 695 |
|
|
|a Izom
|
| 700 |
0 |
1 |
|a Schiffman Gerard
|e aut
|
| 700 |
0 |
2 |
|a Szent-Györgyi Albert
|e aut
|
| 856 |
4 |
0 |
|u http://misc.bibl.u-szeged.hu/73461/1/szgya_amerikai_073.pdf
|z Dokumentum-elérés
|